000 01536cam a22003494a 4500
999 _c4537
_d4537
001 12378945
005 20170926112541.0
008 010413s2001 enk b 001 0 eng
010 _a 2001002259
020 _a0745313906
020 _a074531385X (pbk.)
040 _aDLC
_cDLC
_dDLC
042 _apcc
050 0 0 _aGN17
_b.E75 2001
082 0 0 _a306/.09
_221
100 1 _aEriksen, Thomas Hylland.
_96622
245 1 2 _aA history of anthropology /
_cThomas Hylland Eriksen and Finn Sivert Nielsen.
260 _aLondon ;
_aSterling, Va. :
_bPluto Press,
_cc2001.
300 _aviii, 207 p. ;
_c22 cm.
440 0 _aAnthropology, culture and society
_96628
504 _aIncludes bibliographical references (p. 179-191) and index.
650 0 _aAnthropology
_xHistory.
_915884
650 0 _aAnthropology
_xPhilosophy.
_936193
700 1 _aNielsen, Finn Sivert.
_936194
830 0 _aAnthropology, culture, and society.
_96628
856 4 2 _3Publisher description
_uhttp://www.loc.gov/catdir/enhancements/fy0904/2001002259-d.html
856 4 1 _3Table of contents only
_uhttp://www.loc.gov/catdir/enhancements/fy0904/2001002259-t.html
856 4 2 _3Contributor biographical information
_uhttp://www.loc.gov/catdir/enhancements/fy0917/2001002259-b.html
906 _a7
_bcbc
_corignew
_d1
_eecip
_f20
_gy-gencatlg
942 _2lcc
_cMONOGRAPH